000 00660nam a22002177a 4500
003 BUBTL
008 170811b xxu||||| |||| 00| 0 eng d
020 _a8120330447
082 _a658.8/ M2948m/ 2007
100 _91369
_aMalhotra, Naresh K.
245 _aMarketing Research/
_bAn Applied Orientation
_cMalhotra, Naresh K.
250 _a5th
260 _aNew Delhi
_bPrentice Hall
_cc2007
300 _axxv, 810p.:
_bill, Chart, Graph ; 23cm.
_cMarkering.
500 _aIncludes Notes and Index.
650 0 _953
_aMarketing
700 _91370
_aNaresh K. Malhutra.
856 _k0
_l0
_yDownload
942 _2ddc
_cBK
999 _c5507
_d5507